00313nam a2200133 450000500170000002000180001708200150003508400250005010000170007524500170009225000120010926000480012130000100016920260130120440.0 a9789395161787 a664bSRI.F 2Colon Classification aSrilakshmi,B aFood science a8th ed. a NewDelhi:b New Age International,c 2024. a538p.